000 00533nam a2200181Ia 4500
005 20250326124054.0
008 250326s9999 xx 000 0 und d
037 _aTextbook
040 _aFMSL
_beng
_cFMSL
041 _aeng
_2eng
084 _aX.1 K8
_qFMSL
100 _aHighsmith R M
_992459
245 0 _aWorld economic activities: Geographic analysis
_cHighsmith R M; Northam R M
260 _aNY Harcourt
_bNY Harcourt, Brace & World
_c1968
300 _a526p
942 _cTB
_hX.1 K8
999 _c1272157
_d1272157